El número de oro : ritos y ritmos pitagóricos en el desarrollo de la civilización occidental : los ritos /
El esteta de origen rumano Matila Ghyka (1881-1965), exiliado después de la Segunda Guerra Mundial, presenta en El número de oro (1931) su contribución a la percepción de los conceptos y de los invariantes lógicos y afectivos que han sido las ideas-motrices de Occidente: número, ritmo, proporción y...
Збережено в:
| Автор: | |
|---|---|
| Формат: | Книга |
| Мова: | Іспанська |
| Опубліковано: |
Barcelona, España :
Poseidón,
1984, c1978
|
| Редагування: | 2a edición |
| Предмети: | |
| Теги: |
Немає тегів, Будьте першим, хто поставить тег для цього запису!
|
MARC
| LEADER | 00000nam^a2200000^a^4500 | ||
|---|---|---|---|
| 001 | 000038907 | ||
| 005 | 20250521000000.0 | ||
| 009 | 20260310085522.832 | ||
| 020 | |a 84-85083-10-5 | ||
| 020 | |a 84-85083-11-3 | ||
| 037 | |a Acervo ITESO - Biblioteca | ||
| 041 | |a ESP | ||
| 082 | |a 701. 17 |b GHY V. 2 | ||
| 100 | |a Ghyka, Matila C. |e (autor) | ||
| 240 | 1 | 4 | |a [El número de oro: ritos y ritmos pitagóricos en el desarrollo de la civilización occidental] |
| 245 | 1 | 3 | |a El número de oro : |b ritos y ritmos pitagóricos en el desarrollo de la civilización occidental : los ritos / |c M.C. Ghyka ; tr. por Juan Bosch Bousquet. |
| 250 | |a 2a edición | ||
| 264 | 4 | |a Barcelona, España : |b Poseidón, |c 1984, c1978 | |
| 300 | |a 210 p. | ||
| 336 | |a texto |b txt |2 rdacontenido | ||
| 337 | |a sin mediación |b n |2 rdamedio | ||
| 338 | |a volumen |b nc |2 rdasoporte | ||
| 500 | |a Traducción de: Le nombre d'or: Rites et rythmes pythagoriciens dans le development de la civilisation occidentales: Les rites | ||
| 520 | |a El esteta de origen rumano Matila Ghyka (1881-1965), exiliado después de la Segunda Guerra Mundial, presenta en El número de oro (1931) su contribución a la percepción de los conceptos y de los invariantes lógicos y afectivos que han sido las ideas-motrices de Occidente: número, ritmo, proporción y armonía, e injerto sobre este rigor geométrico el culto ferviente de la belleza de las formas. | ||
| 649 | |a XX | ||
| 650 | |a Proporción Aurea - |x Tema Principal | ||
| 650 | |a Ritos | ||
| 650 | |a Estética | ||
| 650 | |a Esoterismo | ||
| 650 | |a Ciencias Ocultas | ||
| 650 | |a Escuela de Pitágoras | ||
| 910 | |a Fondo General | ||
| 920 | |a Impresos - Libros | ||
| 930 | |a Colección General | ||
| 905 | |a 101 | ||
| 901 | |a 0389070100 |b IT1 |c ACC |i 038907 |u 20250521 | ||
| 902 | |a https://opac.biblio.iteso.mx/vufind/Record/000038907 | ||